<?xml version="1.0" encoding="UTF-8"?>
<record
    xmlns:xsi="http://www.w3.org/2001/XMLSchema-instance"
    xsi:schemaLocation="http://www.loc.gov/MARC21/slim http://www.loc.gov/standards/marcxml/schema/MARC21slim.xsd"
    xmlns="http://www.loc.gov/MARC21/slim">

  <leader>01224ngm a2200289 a 4500</leader>
  <controlfield tag="005">20220317001343.0</controlfield>
  <controlfield tag="008">161108s9999    sp     g      000 0 spa  </controlfield>
  <datafield tag="082" ind1="0" ind2="4">
    <subfield code="a">791.45</subfield>
    <subfield code="b">D32c</subfield>
  </datafield>
  <datafield tag="110" ind1=" " ind2=" ">
    <subfield code="a">Didaco</subfield>
    <subfield code="9">71257</subfield>
  </datafield>
  <datafield tag="245" ind1="1" ind2="3">
    <subfield code="a">El cine y la televisi&#xF3;n</subfield>
    <subfield code="b">La criminolog&#xED;a </subfield>
    <subfield code="c">Didaco, Tessloff</subfield>
    <subfield code="h">videodisco digital</subfield>
  </datafield>
  <datafield tag="250" ind1=" " ind2=" ">
    <subfield code="a">1a. edici&#xF3;n </subfield>
  </datafield>
  <datafield tag="300" ind1=" " ind2=" ">
    <subfield code="a">1 DVD (26 minutos)</subfield>
    <subfield code="b">sonido, color, digital</subfield>
    <subfield code="c">19 cm</subfield>
  </datafield>
  <datafield tag="490" ind1=" " ind2=" ">
    <subfield code="a">Descubrir c&#xF3;mo y por qu&#xE9;</subfield>
  </datafield>
  <datafield tag="505" ind1=" " ind2=" ">
    <subfield code="a">El cine y la televisi&#xF3;n : &#xBF;C&#xF3;mo funciona una c&#xE1;mara?,  &#xBF;Qu&#xE9; pasa en el plat&#xF3;?, &#xBF;Cuando se rod&#xF3; la primera pel&#xED;cula?,  &#xBF;Desde cu&#xE1;ndo tenemos televisi&#xF3;n en color?,  &#xBF;Qu&#xE9; hacen los extras?,  &#xBF;Qu&#xE9; es la c&#xE1;mara r&#xE1;pida?</subfield>
  </datafield>
  <datafield tag="650" ind1="1" ind2="4">
    <subfield code="2">LEMB</subfield>
    <subfield code="a">Cine</subfield>
    <subfield code="v">Videodiscos   </subfield>
    <subfield code="x">Historia </subfield>
  </datafield>
  <datafield tag="650" ind1="1" ind2="4">
    <subfield code="2">LEMB</subfield>
    <subfield code="a">Television</subfield>
    <subfield code="v">Videodiscos </subfield>
    <subfield code="x">Historia </subfield>
  </datafield>
  <datafield tag="650" ind1="1" ind2="4">
    <subfield code="2">LEMB</subfield>
    <subfield code="a">C&#xE1;maras Cinematogr&#xE1;ficas </subfield>
    <subfield code="v">Videodiscos </subfield>
  </datafield>
  <datafield tag="650" ind1="1" ind2="4">
    <subfield code="2">LEMB </subfield>
    <subfield code="a">Cine y televisi&#xF3;n </subfield>
    <subfield code="v">Videodiscos </subfield>
  </datafield>
  <datafield tag="650" ind1="1" ind2="4">
    <subfield code="2">LEMB </subfield>
    <subfield code="a">Criminologia</subfield>
    <subfield code="v">Videodiscos </subfield>
  </datafield>
  <datafield tag="710" ind1=" " ind2=" ">
    <subfield code="a">Tessloff</subfield>
    <subfield code="9">71263</subfield>
  </datafield>
  <datafield tag="942" ind1=" " ind2=" ">
    <subfield code="2">ddc</subfield>
    <subfield code="c">DVD</subfield>
  </datafield>
  <datafield tag="264" ind1=" " ind2=" ">
    <subfield code="a">Barcelona</subfield>
    <subfield code="b">Didaco</subfield>
  </datafield>
  <datafield tag="336" ind1=" " ind2=" ">
    <subfield code="a">texto</subfield>
    <subfield code="b">txt</subfield>
    <subfield code="2">rdacontent</subfield>
  </datafield>
  <datafield tag="337" ind1=" " ind2=" ">
    <subfield code="a">sin mediaci&#xF3;n</subfield>
    <subfield code="b">n</subfield>
    <subfield code="2">rdamedia</subfield>
  </datafield>
  <datafield tag="338" ind1=" " ind2=" ">
    <subfield code="a">volumen</subfield>
    <subfield code="b">nc</subfield>
    <subfield code="2">rdacarrier</subfield>
  </datafield>
  <datafield tag="040" ind1=" " ind2=" ">
    <subfield code="a">CO-BoRNBP</subfield>
    <subfield code="b">spa</subfield>
    <subfield code="e">rda</subfield>
    <subfield code="c">CO-BoRNBP</subfield>
  </datafield>
  <datafield tag="999" ind1=" " ind2=" ">
    <subfield code="c">6706</subfield>
    <subfield code="d">6706</subfield>
  </datafield>
</record>
